LEADER 01262nam a2200241 i 4500 001 000000258901 003 CaOOAMICUS 005 20240206140305.0 008 180619s1811 fr u000 u fre u 026 $ae,re oula reue sela (3) 1811 (A) 040 $aSeMil$bita 100 1 $aLacroix, Sylvestre François,$d<1765-1843>.$0(OLS)http://semarc/name/91745 245 10$aÉlémens de géométrie à l'usage de l'École centrale des quatre-nations; par S. F. Lacroix. 250 $aNeuvième édition, revue et corrigée. 260 $aA Paris :$bChez Mme Veuve Courcier, imprimeur-libraire pour les Mathématiques, quai des Augustins, n. 57,$cAn 1811. 300 $axlvii, [1], 214, [2] p., IX c. di tav. ripieg. ;$c8º. 500 $aSegn.: a-c8 A-N8 O4(-O4). 650 4$aGeometria.$0(OLS)http://semarc/subject/12189 850 $aSeMil 852 $aSeMil$W1$xVenegono$y1$m3W III 55 FA$j209246$B209246$CSeMilBibl$Z2$F222922 $8I 996 $6245$aÉlémens de géométrie à l'usage de l'École centrale des quatre-nations; par S. F. Lacroix$9(OLS)http://semarc/title/413770 996 $6260$aA Paris :$bChez Mme Veuve Courcier, imprimeur-libraire pour les Mathématiques, quai des Augustins, n. 57$9(OLS)http://semarc/publisher/57769 LEADER 01718nam a2200313 i 4500 001 000000090849 003 CaOOAMICUS 005 20210520125726.0 008 151222s1737 it u000 u ita u 013 $a63091 026 $ee-to 22ne i-ma neri (3) 1737 (R)$aPt. 1 026 $erehe rato a.si espa (3) 1737 (R)$aPt. 2 040 $aSeMil$bita 100 1 $aMarabotto, Cattaneo.$0(OLS)http://semarc/name/40656 245 10$aVita di santa Caterina Fiesca Adorna da Genoua succintamente descritta ... Col trattato del Purgatorio, e dialogo fra l'anima, ed il corpo composti dalla medesima santa. 260 $aIn Roma :$bNella Stamperia del Bernabò,$c1737. 300 $a2 pt. (XI, [1], 128; 139, [1] p.) ;$c4°. 500 $aLa pt. 2 inizia con proprio front. tipogr. 500 $aSegn.: a6 A-H8 A-G8 H10 I4 500 $aPer gli A., cfr. Catalogo palatino della BNC di Firenze 600 04$aCaterina : da Genova .$0(OLS)http://semarc/subject/52161 700 1 $aVernazza, Ettore.$0(OLS)http://semarc/name/40657 700 1 $aCaterina : da Genova .$0(OLS)http://semarc/name/40655 700 1 $aBernabò,$c.$0(OLS)http://semarc/name/12541 850 $aSeMil 852 $aSeMil$W1$xVenegono$y1$m3H III 76 FA$j53816$B53816$CSeMilBibl$Z2$F58450 $8I 996 $6245$aVita di santa Caterina Fiesca Adorna da Genoua succintamente descritta ... Col trattato del Purgatorio, e dialogo fra l'anima, ed il corpo composti dalla medesima santa$9(OLS)http://semarc/title/136891 996 $6260$aIn Roma :$bNella Stamperia del Bernabò$9(OLS)http://semarc/publisher/43697